<?xml version="1.0" encoding="UTF-8"?>
<record
    xmlns:xsi="http://www.w3.org/2001/XMLSchema-instance"
    xsi:schemaLocation="http://www.loc.gov/MARC21/slim http://www.loc.gov/standards/marcxml/schema/MARC21slim.xsd"
    xmlns="http://www.loc.gov/MARC21/slim">

  <leader>01295nam a22002177a 4500</leader>
  <controlfield tag="008">100627s2000    jo|||||r|||| 100 0 ara d</controlfield>
  <datafield tag="082" ind1=" " ind2=" ">
    <subfield code="2">22</subfield>
    <subfield code="b">&#x639; &#x631; &#x628;</subfield>
    <subfield code="a">330.956</subfield>
  </datafield>
  <datafield tag="245" ind1=" " ind2=" ">
    <subfield code="a">&#x627;&#x644;&#x639;&#x631;&#x628; &#x648;&#x62A;&#x62D;&#x62F;&#x64A;&#x627;&#x62A; &#x627;&#x644;&#x642;&#x631;&#x646; &#x627;&#x644;&#x62D;&#x627;&#x62F;&#x64A; &#x648;&#x627;&#x644;&#x639;&#x634;&#x631;&#x64A;&#x646; /</subfield>
    <subfield code="c">&#x641;&#x647;&#x645;&#x64A; &#x62C;&#x62F;&#x639;&#x627;&#x646; [&#x648;&#x622;&#x62E; ...] &#x61B; &#x62A;&#x642;&#x62F;&#x64A;&#x645; &#x627;&#x644;&#x633;&#x64A;&#x62F; &#x64A;&#x627;&#x633;&#x64A;&#x646; &#x61B; &#x62A;&#x62D;&#x631;&#x64A;&#x631; &#x63A;&#x633;&#x627;&#x646; &#x625;&#x633;&#x645;&#x627;&#x639;&#x64A;&#x644; &#x639;&#x628;&#x62F; &#x627;&#x644;&#x62E;&#x627;&#x644;&#x642;</subfield>
  </datafield>
  <datafield tag="260" ind1=" " ind2=" ">
    <subfield code="a">&#x639;&#x645;&#x627;&#x646;&#x60C; &#x627;&#x644;&#x623;&#x631;&#x62F;&#x646; :</subfield>
    <subfield code="b">&#x645;&#x624;&#x633;&#x633;&#x629; &#x639;&#x628;&#x62F; &#x627;&#x644;&#x62D;&#x645;&#x64A;&#x62F; &#x634;&#x648;&#x645;&#x627;&#x646; &#x60C; 2000</subfield>
    <subfield code="c">2000</subfield>
  </datafield>
  <datafield tag="300" ind1=" " ind2=" ">
    <subfield code="a">591 &#x635; &#x61B;</subfield>
  </datafield>
  <datafield tag="490" ind1=" " ind2=" ">
    <subfield code="9">15239</subfield>
    <subfield code="a"> &#x61B;&#x62D;&#x648;&#x627;&#x631;&#x627;&#x62A; &#x641;&#x64A; &#x627;&#x644;&#x641;&#x643;&#x631; &#x627;&#x644;&#x639;&#x631;&#x628;&#x64A; &#x627;&#x644;&#x645;&#x639;&#x627;&#x635;&#x631;</subfield>
    <subfield code="v">1</subfield>
  </datafield>
  <datafield tag="541" ind1=" " ind2=" ">
    <subfield code="a">&#x627;&#x644;&#x645;&#x624;&#x633;&#x633;&#x629; &#x627;&#x644;&#x639;&#x631;&#x628;&#x64A;&#x629; &#x644;&#x644;&#x62F;&#x631;&#x627;&#x633;&#x627;&#x62A; &#x61B;</subfield>
    <subfield code="c">&#x634;&#x631;&#x627;&#x621; &#x61B;</subfield>
  </datafield>
  <datafield tag="651" ind1=" " ind2=" ">
    <subfield code="9">13700</subfield>
    <subfield code="a">&#x627;&#x644;&#x639;&#x627;&#x644;&#x645; &#x627;&#x644;&#x639;&#x631;&#x628;&#x64A;</subfield>
    <subfield code="x">&#x627;&#x644;&#x623;&#x62D;&#x648;&#x627;&#x644; &#x627;&#x644;&#x633;&#x64A;&#x627;&#x633;&#x64A;&#x629;</subfield>
  </datafield>
  <datafield tag="651" ind1=" " ind2=" ">
    <subfield code="9">15242</subfield>
    <subfield code="a">&#x627;&#x644;&#x639;&#x627;&#x644;&#x645; &#x627;&#x644;&#x639;&#x631;&#x628;&#x64A;</subfield>
    <subfield code="x">&#x627;&#x644;&#x623;&#x62D;&#x648;&#x627;&#x644; &#x627;&#x644;&#x62B;&#x642;&#x627;&#x641;&#x64A;&#x629;</subfield>
  </datafield>
  <datafield tag="651" ind1=" " ind2=" ">
    <subfield code="9">15246</subfield>
    <subfield code="a">&#x627;&#x644;&#x639;&#x627;&#x644;&#x645; &#x627;&#x644;&#x639;&#x631;&#x628;&#x64A;</subfield>
    <subfield code="x">&#x627;&#x644;&#x623;&#x62D;&#x648;&#x627;&#x644; &#x627;&#x644;&#x627;&#x642;&#x62A;&#x635;&#x627;&#x62F;&#x64A;&#x629;</subfield>
  </datafield>
  <datafield tag="700" ind1=" " ind2=" ">
    <subfield code="9">15244</subfield>
    <subfield code="a">&#x62C;&#x62F;&#x639;&#x627;&#x646;&#x60C; &#x641;&#x647;&#x645;&#x64A;</subfield>
  </datafield>
  <datafield tag="700" ind1=" " ind2=" ">
    <subfield code="9">8302</subfield>
    <subfield code="a"> &#x61B;&#x64A;&#x627;&#x633;&#x64A;&#x646; , &#x627;&#x644;&#x633;&#x64A;&#x62F;</subfield>
    <subfield code="e">&#x62A;&#x642;&#x62F;&#x64A;&#x645;</subfield>
  </datafield>
  <datafield tag="700" ind1=" " ind2=" ">
    <subfield code="9">15245</subfield>
    <subfield code="a">&#x639;&#x628;&#x62F; &#x627;&#x644;&#x62E;&#x627;&#x644;&#x642;&#x60C; &#x63A;&#x633;&#x627;&#x646; &#x625;&#x633;&#x645;&#x627;&#x639;&#x64A;&#x644;</subfield>
    <subfield code="e">&#x62A;&#x62D;&#x644;&#x631;&#x64A;&#x631;</subfield>
  </datafield>
  <datafield tag="942" ind1=" " ind2=" ">
    <subfield code="2">ddc</subfield>
    <subfield code="c">BB</subfield>
  </datafield>
  <datafield tag="999" ind1=" " ind2=" ">
    <subfield code="c">14224</subfield>
    <subfield code="d">14224</subfield>
  </datafield>
  <datafield tag="952" ind1=" " ind2=" ">
    <subfield code="0">0</subfield>
    <subfield code="1">0</subfield>
    <subfield code="2">ddc</subfield>
    <subfield code="4">0</subfield>
    <subfield code="7">0</subfield>
    <subfield code="8">mas</subfield>
    <subfield code="a">MAIN</subfield>
    <subfield code="b">MAIN</subfield>
    <subfield code="c">1ST</subfield>
    <subfield code="d">2010-06-27</subfield>
    <subfield code="e">Purchase</subfield>
    <subfield code="g">68.00</subfield>
    <subfield code="h">1</subfield>
    <subfield code="o">338.0956 &#x639; &#x631; &#x628;</subfield>
    <subfield code="p">000025006</subfield>
    <subfield code="r">2025-07-15 00:00:00</subfield>
    <subfield code="s">2019-05-07</subfield>
    <subfield code="y">BB</subfield>
  </datafield>
</record>
